KOHA-Header-6

Software Engineering (Record no. 1789)

000 -LEADER
fixed length control field 00319nam a2200133Ia 4500
008 - FIXED-LENGTH DATA ELEMENTS--GENERAL INFORMATION
fixed length control field 190723s9999 xx 000 0 und d
020 ## - INTERNATIONAL STANDARD BOOK NUMBER
International Standard Book Number 978-93-325-8369-9
100 ## - MAIN ENTRY--PERSONAL NAME
Personal name Ian Sommerville
245 #0 - TITLE STATEMENT
Title Software Engineering
250 ## - EDITION STATEMENT
Edition statement 10th
260 ## - PUBLICATION, DISTRIBUTION, ETC. (IMPRINT)
Place of publication, distribution, etc uttar Pardesh
Name of publisher, distributor, etc Pearson
Date of publication, distribution, etc 2017
300 ## - PHYSICAL DESCRIPTION
Extent 808.:p
942 ## - ADDED ENTRY ELEMENTS (KOHA)
Koha item type Books
Holdings
Withdrawn status Lost status Source of classification or shelving scheme Damaged status Not for loan Collection code Permanent Location Current Location Shelving location Date acquired Full call number Barcode Date last seen Price effective from Koha item type
        Not For Loan Computer Science Computing and Engineering Library Block-D Computing and Engineering Library Block-D Shelf No.A32 2019-07-23 5.1 8412 2019-07-23 2019-07-23 Computer Science

Powered by Koha